Countries with Highest Rate of Esperanto Speakers - Statistics

General Stats
  • This quiz has been taken 94 times
  • The average score is 10 of 15
Answer Stats
Rate Country % Correct
104.01 France
88%
89.44 Switzerland
82%
109.48 Belgium
78%
84.87 Netherlands
74%
91.99 Sweden
74%
68.99 Norway
71%
97.34 Denmark
70%
105.89 Finland
70%
196.82 Luxembourg
68%
210.07 Iceland
62%
74.02 Estonia
60%
249.32 Lithuania
60%
620.03 Andorra
59%
76.23 Czech Republic
56%
203.82 Hungary
56%
No matching quizzes found
Score Distribution
Percent of People with Each Score
Percentile by Number Answered
Your Score History
You have not taken this quiz